LEADER 01091nam0-22003011i-450- 001 990001109740403321 005 20070201162322.0 035 $a000110974 035 $aFED01000110974 035 $a(Aleph)000110974FED01 035 $a000110974 100 $a20001205d1968----km-y0itay50------ba 101 0 $aeng 200 1 $a<>review of the radiosensitivity of the tissues in bone$ea report prepared for Committees 1 and 2 of the International Commission on Radiological Protection and received by the Committee on April 3th, 1967 210 $aOxford [etc.]$cPergamon Press$d1968 225 1 $aICRP publication$v11 300 $aIn testa al front. Radiation Protection 610 0 $aFisica nucleare 610 0 $aTecniche di misura e strumentazione 676 $a539.77 710 02$aInternational commission on radiological protection$0298334 801 0$aIT$bUNINA$gRICA$2UNIMARC 901 $aBK 912 $a990001109740403321 952 $a34AII-065.002$b18464$fFI1 959 $aFI1 996 $aReview of the radiosensitivity of the tissues in bone$9337752 997 $aUNINA LEADER 02042nim 2200409Ka 450 001 9910159481903321 005 20250814103640.2 010 $a2-8211-0543-6 035 $a(CKB)3710000001019894 035 $a(ODN)ODN0008826603 035 $a(EXLCZ)993710000001019894 100 $a20220413d2016 uy 0 101 0 $afre 135 $auruna---||||| 181 $cspw$2rdacontent 182 $cs$2rdamedia 182 $cc$2rdamedia 183 $acr$2rdacarrier 200 10$a100 citations d'epictète $eCollection 100 citations. /$f Epictète 205 $aUnabridged. 210 $aCopenhagen K. $cSAGA Egmont$d2016 215 $a1 online resource (1 audio file) $cdigital 300 $aUnabridged. 330 $aNé esclave, Epictète devint l'un des plus grands philosophes stoïciens, et ses préceptes sont toujours appliqués aujourd'hui. Nous lui devons le stoïcisme, doctrine pensée pour éviter toutes les souffrances inutiles. Il n'y a que sur nos propres actions et attitudes que nous pouvons agir ; comme ce n'est pas parce que l'on s'inquiète beaucoup que les choses s'améliorent, il convient donc d'accueillir tout événement avec calme et sans passion. L'enseignement d'Epictète montre clairement que la philosophie est une discipline pratique, à mille lieues de l'abstraction ou du jeu intellectuel : son impact est direct, parce qu'elle nous soulage de la souffrance quotidienne. Vous trouverez dans ces 100 citations l'essentiel de la doctrine d'Epictète et des enseignements stoïciens qui allègent le quotidien en présentant les attitudes les plus sages. 517 $a100 citations d'Epictète 517 $a100 citations d'Epictète 606 $aNonfiction$2OverDrive 606 $aPhilosophy$2OverDrive 615 17$aNonfiction. 615 7$aPhilosophy. 686 $aPHI000000$2bisacsh 700 $aEpictète$01844570 701 $aBlandin$b Patrick$01230477 906 $aAUDIO 912 $a9910159481903321 996 $a100 citations d'epictète$94427359 997 $aUNINA